000 00786nam a2200229 i 4500
001 bg
003 BPK
005 20221223124512.0
008 990506s1927 pl a e |000 0 pol d
040 _aWA N
_cBPK
041 _apol
080 _a0/9
080 _a(03)
245 0 0 _aIlustrowana encyklopedia Trzaski, Everta i Michalskiego.
_nT. 3,
_pL-O /
_coprac. pod red. Stanisława Lama.
260 _aWarszawa :
_bTrzaska, Evert i Michalski,
_c[1927].
300 _a[4] s., 1056 łamów, 13 k. tabl. :
_bil. ;
_c24 cm.
500 _aCałość obejmuje 6 t.
655 4 _aEncyklopedie polskie
700 1 _aLam, Stanisław
_d(1891-1965).
_eOprac.
942 _2UKD
_cKS
856 _uhttp://koha.tu.koszalin.pl/cgi-bin/koha/opac-detail.pl?biblionumber=11097
_yKatalog online BPK
999 _c11097
_d11097